[Event "VIE-ch U11 Girls"]
[Site "Ho Chi Minh City"]
[Date "2014.07.15"]
[Round "4"]
[White "Thuong, Nguyen Trinh Anh"]
[Black "Tran, Nhat Phuong"]
[Result "1-0"]
[WhiteElo "1748"]
[BlackElo "1717"]
[PlyCount "63"]
[EventDate "2014.07.13"]
[EventType "swiss"]
[EventRounds "9"]
[EventCountry "VIE"]
[SourceTitle "EXT 2016"]
[Source "ChessBase"]
[SourceDate "2015.10.08"]
[SourceVersion "1"]
[SourceVersionDate "2015.10.08"]
[SourceQuality "1"]

1. e4 e5 2. Nf3 Nc6 3. d4 exd4 4. Nxd4 Qe7 5. Nc3 Nxd4 6. Qxd4 Qd6 7. Be3 a6 8. Rd1 Qxd4 9. Bxd4 Ne7 10. Be2 Nc6 11. a3 Nxd4 12. Rxd4 Bc5 13. Rd3 d6 14. b4 Bb6 15. Nd5 a5 16. Nxb6 cxb6 17. Rxd6 axb4 18. axb4 Ra1+ 19. Bd1 0-0 20. 0-0 Be6 21. Be2 Rfa8 22. f3 g6 23. Rxb6 Rxf1+ 24. Kxf1 Ra1+ 25. Kf2 Ra2 26. Bd3 Bc4 27. Ke3 Bxd3 28. Kxd3 Ra7 29. c4 Kf8 30. c5 Ke7 31. c6 bxc6 32. Rxc6 1-0

[Event "VIE-ch U11 Girls"]
[Site "Ho Chi Minh City"]
[Date "2014.07.13"]
[Round "2"]
[White "Nghiem, Thao Tam"]
[Black "Thuong, Nguyen Trinh Anh"]
[Result "1/2-1/2"]
[WhiteElo "1714"]
[BlackElo "1748"]
[PlyCount "44"]
[EventDate "2014.07.13"]
[EventType "swiss"]
[EventRounds "9"]
[EventCountry "VIE"]
[SourceTitle "EXT 2016"]
[Source "ChessBase"]
[SourceDate "2015.10.08"]
[SourceVersion "1"]
[SourceVersionDate "2015.10.08"]
[SourceQuality "1"]

1. Nf3 d5 2. c4 e6 3. e3 Nf6 4. d4 b6 5. Bd3 Bd6 6. Nbd2 0-0 7. b3 Re8 8. Bb2 Nc6 9. Ne5 Bb7 10. e4 Bb4 11. Nxc6 Bxc6 12. cxd5 exd5 13. e5 Bxd2+ 14. Qxd2 Ne4 15. Qc2 Bb7 16. 0-0 g6 17. Bc1 Rc8 18. f3 Ng5 19. Bxg5 Qxg5 20. f4 Qe7 21. f5 c5 22. fxg6 hxg6 1/2-1/2

[Event "VIE-ch U11 Girls"]
[Site "Ho Chi Minh City"]
[Date "2014.07.13"]
[Round "1"]
[White "Thuong, Nguyen Trinh Anh"]
[Black "Le, Nguyen Uyen Phuong"]
[Result "1-0"]
[WhiteElo "1748"]
[BlackElo "1720"]
[PlyCount "43"]
[EventDate "2014.07.13"]
[EventType "swiss"]
[EventRounds "9"]
[EventCountry "VIE"]
[SourceTitle "EXT 2016"]
[Source "ChessBase"]
[SourceDate "2015.10.08"]
[SourceVersion "1"]
[SourceVersionDate "2015.10.08"]
[SourceQuality "1"]

1. e4 e6 2. Nc3 Nc6 3. d4 Nf6 4. Bg5 Be7 5. Nf3 Ng4 6. Bxe7 Qxe7 7. Be2 Nf6 8. 0-0 0-0 9. Re1 b6 10. Qd2 Bb7 11. Rad1 Nd8 12. d5 exd5 13. exd5 Qc5 14. h3 Re8 15. d6 Bxf3 16. Bxf3 Rxe1+ 17. Rxe1 Rb8 18. dxc7 Qxc7 19. Nd5 Qc8 20. Ne7+ Kh8 21. Nxc8 Rxc8 22. Qxd7 1-0